000 00677nam a2200217Ia 4500
003 OSt
005 20220924113236.0
006 a|||||r|||| 00| 0
007 ta
008 220923b |||||||| |||| 00| 0 hin d
024 _a216526
037 _cDictionary
040 _aARTS
_cARTS
_bhin
041 _2hin
_ahin
082 _aP111;40Zk, 152J1(RR)
100 _aचतुर्वेदी, जगदीश प्रसाद
_9169783
245 0 _aविधि शब्द्सागर
260 _c1951
942 _hP111;40Zk, 152J1(RR)
_cdic
_2cc
999 _c389704
_d389704